[Event "20.  Ciudad de Pamplona - Magistral"]
[Site "Pamplona ESP"]
[Date "2010.12.23"]
[Round "2.1"]
[White "Vega Gutierrez, Sabrina"]
[Black "Lariño Nieto, David"]
[Result "0-1"]
[WhiteElo "2342"]
[BlackElo "2451"]
[PlyCount "108"]
[EventDate "2010.12.22"]
[EventType "tourn"]
[EventRounds "9"]
[EventCountry "ESP"]
[EventCategory "2"]
[Source "lmi"]
[SourceDate "2010.12.22"]

1. e4 e6 2. d4 d5 3. Nd2 Nf6 4. e5 Nfd7 5. Bd3 c5 6. c3 Nc6 7. Ngf3 cxd4 8.
cxd4 f6 9. exf6 Nxf6 10. O-O Bd6 11. b3 O-O 12. Bb2 Qb6 13. Ne5 Nxd4 14. Ndc4
dxc4 15. Nxc4 Bxh2+ 16. Kxh2 Qc7+ 17. Kg1 Nc6 18. Qe2 Qf4 19. Rad1 Qh4 20. Ne5
Nxe5 21. Qxe5 Qh5 22. Qxh5 Nxh5 23. Ba3 Nf6 24. Bxf8 Kxf8 25. Rc1 Ke7 26. Rfe1
Kd6 27. Red1 h6 28. Be4+ Nd5 29. Rc3 Bd7 30. Rg3 g5 31. Bxd5 exd5 32. Rgd3 Bc6
33. Rf3 Kc5 34. Rf6 Rh8 35. Kf1 h5 36. Rg6 g4 37. Ke2 a5 38. Kd3 Rf8 39. Rd2
Rf5 40. Rc2+ Kb4 41. Ke3 Re5+ 42. Kd4 Re1 43. Rg5 Re4+ 44. Kd3 h4 45. f3 gxf3
46. gxf3 Bb5+ 47. Kd2 Rd4+ 48. Kc1 h3 49. Rg4 Rxg4 50. fxg4 d4 51. g5 Bc6 52.
g6 Bg2 53. Rc4+ Kb5 54. Rxd4 h2 0-1

[Event "20.  Ciudad de Pamplona - Magistral"]
[Site "Pamplona ESP"]
[Date "2010.12.23"]
[Round "2.2"]
[White "Rios, Alejandro"]
[Black "Lillo Castay, Victor"]
[Result "1/2-1/2"]
[WhiteElo "2321"]
[BlackElo "2288"]
[PlyCount "62"]
[EventDate "2010.12.22"]
[EventType "tourn"]
[EventRounds "9"]
[EventCountry "ESP"]
[EventCategory "2"]
[Source "lmi"]
[SourceDate "2010.12.22"]

1. e4 c5 2. Nf3 d6 3. d4 cxd4 4. Nxd4 Nf6 5. Nc3 Nc6 6. Bg5 e6 7. Qd2 Bd7 8.
O-O-O a6 9. f4 b5 10. Nxc6 Bxc6 11. Qe1 Qa5 12. Bxf6 gxf6 13. Nd5 Qxe1 14. Rxe1
O-O-O 15. Nxf6 h5 16. Be2 Be7 17. Nxh5 Bxe4 18. g4 Bxh1 19. Rxh1 Kd7 20. Rf1
Rc8 21. a4 bxa4 22. Bxa6 Rc5 23. Rf3 f5 24. h3 fxg4 25. hxg4 Rg8 26. g5 e5 27.
Kb1 exf4 28. Nxf4 Rgxg5 29. Bf1 Rg1 30. Ne2 Rh1 31. Nd4 Rd5 1/2-1/2

[Event "20.  Ciudad de Pamplona - Magistral"]
[Site "Pamplona ESP"]
[Date "2010.12.23"]
[Round "2.3"]
[White "Zamarbide Iñarrea, Daniel"]
[Black "Burguete Archel, Eduardo"]
[Result "1-0"]
[WhiteElo "2194"]
[BlackElo "2214"]
[PlyCount "93"]
[EventDate "2010.12.22"]
[EventType "tourn"]
[EventRounds "9"]
[EventCountry "ESP"]
[EventCategory "2"]
[Source "lmi"]
[SourceDate "2010.12.22"]

1. e4 c5 2. Nf3 d6 3. d4 cxd4 4. Qxd4 Bd7 5. c4 Nc6 6. Qd2 g6 7. b3 Nf6 8. Nc3
Bg7 9. Bb2 O-O 10. h3 Qa5 11. O-O-O Rfc8 12. Kb1 a6 13. Nd5 Qxd2 14. Nxd2 Nxd5
15. Bxg7 Kxg7 16. exd5 Nd8 17. Bd3 b5 18. Rhe1 Kf8 19. Re3 Nb7 20. Rde1 Re8 21.
Kb2 b4 22. g4 a5 23. f4 Nc5 24. Ne4 Nxe4 25. Bxe4 f5 26. gxf5 gxf5 27. Bf3 Kf7
28. Bh5+ Kf6 29. Bxe8 Rxe8 30. c5 dxc5 31. Re5 a4 32. d6 a3+ 33. Kb1 e6 34.
Rxc5 Rd8 35. Rec1 Kf7 36. Rc7 Kf6 37. R1c5 Be8 38. Rc8 Rxd6 39. Rxe8 Rd1+ 40.
Rc1 Rd2 41. Re1 Rb2+ 42. Ka1 Kg6 43. R8xe6+ Kh5 44. Rb6 Kh4 45. Rxb4 h5 46. Rb5
Kxh3 47. Rxf5 1-0

[Event "20.  Ciudad de Pamplona - Magistral"]
[Site "Pamplona ESP"]
[Date "2010.12.23"]
[Round "2.4"]
[White "Moreno Garcia, Daniel"]
[Black "Tetimov, Ivan"]
[Result "0-1"]
[WhiteElo "2283"]
[BlackElo "1997"]
[PlyCount "160"]
[EventDate "2010.12.22"]
[EventType "tourn"]
[EventRounds "9"]
[EventCountry "ESP"]
[EventCategory "2"]
[Source "lmi"]
[SourceDate "2010.12.22"]

1. c4 Nf6 2. Nc3 e6 3. d4 Bb4 4. Qc2 O-O 5. e4 d5 6. e5 Ne4 7. Bd3 c5 8. Nf3
cxd4 9. Nxd4 Nd7 10. Bf4 Ndc5 11. Nb3 Nxd3+ 12. Qxd3 Qc7 13. O-O Bxc3 14. bxc3
Qxc4 15. Qe3 Nxc3 16. Rfe1 d4 17. Nxd4 Nd5 18. Qe4 Nxf4 19. Qxf4 Bd7 20. Rec1
Qd5 21. Rd1 Bc6 22. Nxc6 Qxc6 23. Rd6 Qc2 24. Rd2 Qc7 25. Rad1 Rad8 26. h4 Rxd2
27. Rxd2 h6 28. Rd6 b5 29. Qd4 Rc8 30. g3 g6 31. Rd7 Qc5 32. Qxc5 Rxc5 33. Rxa7
Rxe5 34. Ra5 Re2 35. Rxb5 Rxa2 36. Kg2 h5 37. Kf3 Kg7 38. Rb7 Kf6 39. Rc7 Ra3+
40. Kg2 e5 41. Rb7 Ra6 42. Rc7 Re6 43. Kf3 Re7 44. Rc6+ Kf5 45. Rc5 Ra7 46. Rc3
f6 47. Rb3 Ra4 48. Rc3 g5 49. hxg5 Kxg5 50. Rb3 h4 51. gxh4+ Rxh4 52. Rb8 Ra4
53. Rb3 f5 54. Kg2 Rg4+ 55. Kf3 e4+ 56. Ke2 Kf4 57. Rb5 Rh4 58. Ra5 Rh3 59. Rb5
Ra3 60. Rb2 Kg4 61. Rb8 Ra2+ 62. Ke3 f4+ 63. Kxe4 Re2+ 64. Kd3 Rxf2 65. Rb7 Ra2
66. Ke4 Re2+ 67. Kd3 Re3+ 68. Kd2 Kg3 69. Rg7+ Kf2 70. Rh7 Re8 71. Rd7 f3 72.
Kd1 Kf1 73. Kd2 Re2+ 74. Kd3 f2 75. Rg7 Ra2 76. Rg8 Ke1 77. Re8+ Kd1 78. Rf8
Rd2+ 79. Ke3 Re2+ 80. Kd3 Ke1 0-1

[Event "20.  Ciudad de Pamplona - Magistral"]
[Site "Pamplona ESP"]
[Date "2010.12.23"]
[Round "2.5"]
[White "Alonso Garcia, Rene"]
[Black "Monell Camarasa, David"]
[Result "0-1"]
[WhiteElo "2409"]
[BlackElo "2257"]
[PlyCount "82"]
[EventDate "2010.12.22"]
[EventType "tourn"]
[EventRounds "9"]
[EventCountry "ESP"]
[EventCategory "2"]
[Source "lmi"]
[SourceDate "2010.12.22"]

1. e4 c6 2. d4 d5 3. Nc3 dxe4 4. Nxe4 Bf5 5. Ng3 Bg6 6. h4 h6 7. Nf3 e6 8. h5
Bh7 9. Bd3 Bxd3 10. Qxd3 Nd7 11. Bd2 Qc7 12. O-O-O Ngf6 13. Ne4 Nxe4 14. Qxe4
Nf6 15. Qe2 O-O-O 16. g3 Rd5 17. Bf4 Bd6 18. Be5 Bxe5 19. dxe5 Rxd1+ 20. Rxd1
Nxh5 21. g4 Nf4 22. Qe3 Nd5 23. Qxa7 Rd8 24. c4 Nb6 25. Rd6 Nd7 26. c5 Rh8 27.
Qa8+ Qb8 28. Qa5 h5 29. g5 g6 30. Qb4 Qa7 31. Rxd7 Kxd7 32. Nd2 h4 33. Qd4+ Kc8
34. Nc4 Qxa2 35. Nd6+ Kc7 36. Nxf7 Qd5 37. Qb4 Rf8 38. Qb6+ Kb8 39. Nd6 Qh1+
40. Kc2 Rxf2+ 41. Kb3 Qd1+ 0-1

[Event "20.  Ciudad de Pamplona - Magistral"]
[Site "Pamplona ESP"]
[Date "2010.12.24"]
[Round "3.1"]
[White "Monell Camarasa, David"]
[Black "Vega Gutierrez, Sabrina"]
[Result "0-1"]
[WhiteElo "2257"]
[BlackElo "2342"]
[PlyCount "78"]
[EventDate "2010.12.22"]
[EventType "tourn"]
[EventRounds "9"]
[EventCountry "ESP"]
[EventCategory "2"]
[Source "lmi"]
[SourceDate "2010.12.22"]

1. d4 Nf6 2. c4 g6 3. Nc3 Bg7 4. e4 d6 5. Nf3 O-O 6. Be2 Na6 7. O-O e5 8. Re1
Qe8 9. Bf1 Bg4 10. d5 Nb4 11. Be2 a5 12. Be3 Na6 13. Nd2 Bd7 14. a3 Kh8 15. Rb1
a4 16. Nb5 Bxb5 17. cxb5 Nc5 18. Bxc5 dxc5 19. b6 cxb6 20. b4 axb3 21. Qxb3 Qa4
22. Bb5 Qxa3 23. Qxa3 Rxa3 24. Nc4 Rd3 25. f3 Rd4 26. Ra1 Ne8 27. Reb1 f5 28.
Nxb6 Nd6 29. Nd7 Re8 30. exf5 gxf5 31. Nb6 Rd8 32. Bd7 e4 33. Ra3 Rb4 34. Rab3
Rxb6 35. Rxb6 Rxd7 36. g4 exf3 37. gxf5 Bd4+ 38. Kf1 Rg7 39. Ke1 Ne4 0-1

[Event "20.  Ciudad de Pamplona - Magistral"]
[Site "Pamplona ESP"]
[Date "2010.12.24"]
[Round "3.2"]
[White "Tetimov, Ivan"]
[Black "Alonso Garcia, Rene"]
[Result "1/2-1/2"]
[WhiteElo "1997"]
[BlackElo "2409"]
[PlyCount "100"]
[EventDate "2010.12.22"]
[EventType "tourn"]
[EventRounds "9"]
[EventCountry "ESP"]
[EventCategory "2"]
[Source "lmi"]
[SourceDate "2010.12.22"]

1. d4 d5 2. Nf3 e6 3. c4 c5 4. cxd5 exd5 5. Nc3 Nc6 6. g3 c4 7. Bg2 Bb4 8. O-O
Nge7 9. e4 O-O 10. Nxd5 Nxd5 11. exd5 Qxd5 12. Ne5 Qb5 13. a4 Qa6 14. Nxc6 bxc6
15. Qf3 Bd7 16. Bf4 c5 17. Qb7 Qxb7 18. Bxb7 cxd4 19. Bxa8 Rxa8 20. Rfd1 d3 21.
b3 Bg4 22. bxc4 Bxd1 23. Rxd1 d2 24. Kf1 Rd8 25. Ke2 Re8+ 26. Kd3 Rd8+ 27. Ke2
Re8+ 28. Kd3 Rd8+ 29. Kc2 Rd4 30. Bxd2 Bxd2 31. Rxd2 Rxc4+ 32. Kb3 Rc8 33. Rd7
Ra8 34. a5 a6 35. Rd6 g5 36. Kc4 Rc8+ 37. Kd4 Rc2 38. Ke3 Ra2 39. Rxa6 Kg7 40.
h3 f6 41. Ra7+ Kg6 42. Kf3 h5 43. Ra8 Ra3+ 44. Kg2 g4 45. a6 Ra1 46. Rg8+ Kh7
47. Ra8 Kg6 48. hxg4 hxg4 49. Rg8+ Kf5 50. Ra8 Ke5 1/2-1/2

[Event "20.  Ciudad de Pamplona - Magistral"]
[Site "Pamplona ESP"]
[Date "2010.12.24"]
[Round "3.3"]
[White "Burguete Archel, Eduardo"]
[Black "Moreno Garcia, Daniel"]
[Result "1/2-1/2"]
[WhiteElo "2214"]
[BlackElo "2283"]
[PlyCount "65"]
[EventDate "2010.12.22"]
[EventType "tourn"]
[EventRounds "9"]
[EventCountry "ESP"]
[EventCategory "2"]
[Source "lmi"]
[SourceDate "2010.12.22"]

1. d4 d5 2. c4 e6 3. Nf3 Nf6 4. g3 dxc4 5. Bg2 Nc6 6. Qa4 Bd7 7. Qxc4 Na5 8.
Qc2 Rc8 9. O-O c5 10. Qd1 Bc6 11. dxc5 Qxd1 12. Rxd1 Bxc5 13. Nbd2 Ne4 14. e3
Nxd2 15. Bxd2 Nc4 16. Bc3 O-O 17. Bd4 Bxd4 18. Nxd4 Bxg2 19. Kxg2 a6 20. b3 Nb6
21. Rd2 Rfd8 22. Rad1 Rd7 23. Nf3 Rcd8 24. Rxd7 Rxd7 25. Rxd7 Nxd7 26. Nd2 Kf8
27. Kf1 Ke7 28. Ke2 Ne5 29. f4 Nc6 30. a3 e5 31. Kd3 f5 32. Kc4 Kd6 33. Kd3
1/2-1/2

[Event "20.  Ciudad de Pamplona - Magistral"]
[Site "Pamplona ESP"]
[Date "2010.12.24"]
[Round "3.4"]
[White "Lillo Castay, Victor"]
[Black "Zamarbide Iñarrea, Daniel"]
[Result "1-0"]
[WhiteElo "2288"]
[BlackElo "2194"]
[PlyCount "81"]
[EventDate "2010.12.22"]
[EventType "tourn"]
[EventRounds "9"]
[EventCountry "ESP"]
[EventCategory "2"]
[Source "lmi"]
[SourceDate "2010.12.22"]

1. e4 e5 2. Nf3 d6 3. d4 exd4 4. Nxd4 Nf6 5. Nc3 Be7 6. g3 O-O 7. Bg2 Bd7 8.
O-O Nc6 9. Nf5 Bxf5 10. exf5 Nd7 11. Nd5 Nb6 12. Nxe7+ Qxe7 13. Qg4 Ne5 14. Qh5
d5 15. Bd2 f6 16. a4 a5 17. Rfe1 Qd7 18. b3 Rfe8 19. Rad1 c6 20. f4 Nf7 21.
Rxe8+ Qxe8 22. Re1 Qf8 23. Qe2 Nd7 24. Qe7 Nc5 25. Qc7 Nd6 26. Bxd5+ Kh8 27.
Bg2 Nxf5 28. Bxa5 h6 29. Bb4 Na6 30. Bxf8 Nxc7 31. Bc5 Na6 32. Bb6 Nb4 33. Re2
g6 34. g4 Nh4 35. Bd4 Kg7 36. Re7+ Kf8 37. Rxb7 Nxc2 38. Bc5+ Kg8 39. Bxc6 Rc8
40. Bd5+ Kh8 41. Be7 1-0

[Event "20.  Ciudad de Pamplona - Magistral"]
[Site "Pamplona ESP"]
[Date "2010.12.24"]
[Round "3.5"]
[White "Lariño Nieto, David"]
[Black "Rios, Alejandro"]
[Result "1/2-1/2"]
[WhiteElo "2451"]
[BlackElo "2321"]
[PlyCount "131"]
[EventDate "2010.12.22"]
[EventType "tourn"]
[EventRounds "9"]
[EventCountry "ESP"]
[EventCategory "2"]
[Source "lmi"]
[SourceDate "2010.12.22"]

1. e4 d5 2. exd5 Nf6 3. d4 Nxd5 4. c4 Nb6 5. b3 g6 6. Bb2 Bg7 7. Qd2 O-O 8. Be2
c5 9. Nf3 Bg4 10. d5 Bxb2 11. Qxb2 e6 12. dxe6 Bxe6 13. Nbd2 N6d7 14. Ne4 Qe7
15. O-O Bg4 16. Nc3 Qf6 17. h3 Be6 18. Qd2 Nc6 19. Ne4 Qg7 20. Qd6 Rfe8 21. Qf4
Bf5 22. Ng3 Qf6 23. Rfe1 Be6 24. Qc7 Rec8 25. Qd6 Nb4 26. Ne4 Qg7 27. Rad1 Nxa2
28. Neg5 Nf8 29. Rd2 Nb4 30. Red1 h6 31. Ne4 b6 32. g4 Nh7 33. Ne5 Re8 34. Bf3
Rac8 35. Bg2 Ng5 36. Ng3 f6 37. f4 Nxh3+ 38. Bxh3 fxe5 39. f5 Rc6 40. Qd8 Rxd8
41. Rxd8+ Kh7 42. fxe6 Rxe6 43. g5 Re7 44. Nf5 Nc6 45. Nxg7 Nxd8 46. Rxd8 Kxg7
47. Kf2 hxg5 48. Rd7 Kf6 49. Rxe7 Kxe7 50. Ke3 Kd6 51. Ke4 Kc6 52. Kxe5 b5 53.
Bg4 a5 54. Bf3+ Kb6 55. Bd1 Kc6 56. Be2 bxc4 57. Bxc4 g4 58. Ke4 g3 59. Kf3 Kd6
60. Bf1 g2 61. Bxg2 c4 62. Ke3 cxb3 63. Kd4 g5 64. Kc3 a4 65. Bh3 Ke5 66. Bd7
1/2-1/2

[Event "20.  Ciudad de Pamplona - Magistral"]
[Site "Pamplona ESP"]
[Date "2010.12.25"]
[Round "4.1"]
[White "Vega Gutierrez, Sabrina"]
[Black "Rios, Alejandro"]
[Result "0-1"]
[WhiteElo "2342"]
[BlackElo "2321"]
[PlyCount "106"]
[EventDate "2010.12.22"]
[EventType "tourn"]
[EventRounds "9"]
[EventCountry "ESP"]
[EventCategory "2"]
[Source "lmi"]
[SourceDate "2010.12.22"]

1. e4 d6 2. d4 Nf6 3. Nc3 e5 4. Nge2 Be7 5. g3 c6 6. Bg2 b5 7. O-O O-O 8. h3 b4
9. Na4 Nbd7 10. a3 a5 11. b3 Ba6 12. Bb2 c5 13. dxc5 dxc5 14. c4 Bb7 15. Qc2
Bc6 16. Rae1 Qc7 17. f4 Bxa4 18. bxa4 Bd6 19. Rd1 Ra6 20. Rf3 Re8 21. Rfd3 bxa3
22. Bxa3 exf4 23. gxf4 Bxf4 24. Nxf4 Qxf4 25. Rxd7 Qe3+ 26. Kh2 Qf4+ 27. Kg1
Qe3+ 28. Kh1 Nxd7 29. Bc1 Qg3 30. Rxd7 Rg6 31. Qd2 h5 32. Rd3 Qh4 33. Qe3 Rb8
34. Bd2 Rb1+ 35. Kh2 Rb2 36. Qf3 Ra2 37. Rd7 Rf6 38. Qg3 Qxg3+ 39. Kxg3 h4+ 40.
Kxh4 Rf2 41. Bxa5 Rxg2 42. Rd5 Rxa4 43. Rxc5 Rc2 44. Kg4 Rcxc4 45. Rxc4 Rxc4
46. Kf4 f6 47. h4 Kf7 48. Bd2 Kg6 49. Be1 f5 50. h5+ Kf6 51. Bh4+ Ke6 52. Bg5
Rxe4+ 53. Kf3 Rg4 0-1

[Event "20.  Ciudad de Pamplona - Magistral"]
[Site "Pamplona ESP"]
[Date "2010.12.25"]
[Round "4.2"]
[White "Zamarbide Iñarrea, Daniel"]
[Black "Lariño Nieto, David"]
[Result "0-1"]
[WhiteElo "2194"]
[BlackElo "2451"]
[PlyCount "200"]
[EventDate "2010.12.22"]
[EventType "tourn"]
[EventRounds "9"]
[EventCountry "ESP"]
[EventCategory "2"]
[Source "lmi"]
[SourceDate "2010.12.22"]

1. e4 e6 2. d4 d5 3. Nc3 Nf6 4. Bg5 Bb4 5. e5 h6 6. Bd2 Bxc3 7. bxc3 Ne4 8. Qg4
Kf8 9. Bd3 Nxd2 10. Kxd2 c5 11. Nf3 Nc6 12. dxc5 Qa5 13. Rhe1 Qxc5 14. Nd4 Bd7
15. Nxc6 Bxc6 16. Qd4 b6 17. f3 Rc8 18. Qxc5+ bxc5 19. c4 d4 20. Rab1 Ke7 21.
Be4 Bxe4 22. Rxe4 Rb8 23. Ree1 f6 24. f4 Rhf8 25. Kd3 fxe5 26. fxe5 Kd7 27. Rf1
Rxf1 28. Rxf1 Ke7 29. c3 Rb2 30. cxd4 cxd4 31. Kxd4 Rxg2 32. Rb1 Rxh2 33. Rb7+
Kf8 34. Rxa7 h5 35. Kc5 Rd2 36. a4 h4 37. a5 Kg8 38. Rb7 Ra2 39. Kd6 g5 40.
Kxe6 h3 41. Kf5 h2 42. Rb1 Rg2 43. a6 Rg1 44. a7 h1=Q 45. Rxg1 Qh7+ 46. Ke6
Qxa7 47. Rxg5+ Kf8 48. Rf5+ Ke8 49. Kd5 Qb7+ 50. Kd4 Qd7+ 51. Ke4 Qh7 52. e6
Ke7 53. Ke5 Qg7+ 54. Kd5 Qg2+ 55. Kc5 Qg1+ 56. Kd5 Qd1+ 57. Kc5 Qd6+ 58. Kb5
Kxe6 59. Rd5 Qb8+ 60. Kc5 Ke7 61. Kd4 Qb4 62. Kd3 Qb2 63. Rb5 Qa3+ 64. Kd4 Kd6
65. c5+ Kc7 66. Rb6 Qa4+ 67. Kd5 Qd1+ 68. Kc4 Qc2+ 69. Kd4 Qe2 70. Rd6 Qb5 71.
Rb6 Qa4+ 72. Kd5 Qf4 73. Rd6 Qe3 74. Kc4 Qe2+ 75. Kd4 Qb2+ 76. Kc4 Qc2+ 77. Kd4
Qa4+ 78. Kd5 Qb3+ 79. Kd4 Qb4+ 80. Kd5 Qc3 81. Rc6+ Kb7 82. Rb6+ Ka7 83. Kc6
Qd3 84. Rb7+ Ka6 85. Rb6+ Ka5 86. Rb7 Qd8 87. Rb6 Qa8+ 88. Kd6 Qe4 89. Rc6 Qd4+
90. Kc7 Kb5 91. Rb6+ Kxc5 92. Rc6+ Kb5 93. Rd6 Qa7+ 94. Kd8 Kc5 95. Re6 Kd5 96.
Rf6 Qb7 97. Rh6 Qa8+ 98. Kd7 Qa4+ 99. Kd8 Qf4 100. Ra6 Qb8+ 0-1

[Event "20.  Ciudad de Pamplona - Magistral"]
[Site "Pamplona ESP"]
[Date "2010.12.25"]
[Round "4.3"]
[White "Moreno Garcia, Daniel"]
[Black "Lillo Castay, Victor"]
[Result "1/2-1/2"]
[WhiteElo "2283"]
[BlackElo "2288"]
[PlyCount "70"]
[EventDate "2010.12.22"]
[EventType "tourn"]
[EventRounds "9"]
[EventCountry "ESP"]
[EventCategory "2"]
[Source "lmi"]
[SourceDate "2010.12.22"]

1. Nf3 Nf6 2. c4 e6 3. g3 b6 4. Bg2 Bb7 5. O-O c5 6. Nc3 Be7 7. Re1 Ne4 8. Nxe4
Bxe4 9. d4 d5 10. cxd5 Qxd5 11. dxc5 Bxc5 12. Qxd5 Bxd5 13. Bd2 O-O 14. Bc3 Nd7
15. Rad1 Rfd8 16. Rd2 Nf6 17. Bxf6 gxf6 18. Red1 Be7 19. Ne1 Bxg2 20. Rxd8+
Bxd8 21. Kxg2 b5 22. Nd3 Bb6 23. b3 Kf8 24. Rc1 Rd8 25. Kf3 Ke7 26. a3 Ke8 27.
Rc2 Ke7 28. Rc3 Ke8 29. e3 Ba5 30. b4 Bb6 31. Ke2 Ke7 32. Rc6 Kd7 33. Rc2 Ke7
34. Rc6 Kd7 35. Rc2 Ke7 1/2-1/2

[Event "20.  Ciudad de Pamplona - Magistral"]
[Site "Pamplona ESP"]
[Date "2010.12.25"]
[Round "4.4"]
[White "Alonso Garcia, Rene"]
[Black "Burguete Archel, Eduardo"]
[Result "1-0"]
[WhiteElo "2409"]
[BlackElo "2214"]
[PlyCount "81"]
[EventDate "2010.12.22"]
[EventType "tourn"]
[EventRounds "9"]
[EventCountry "ESP"]
[EventCategory "2"]
[Source "lmi"]
[SourceDate "2010.12.22"]

1. e4 e5 2. Nf3 Nc6 3. Bb5 a6 4. Ba4 Nf6 5. O-O Bc5 6. c3 b5 7. Bb3 d6 8. a4
Bg4 9. d3 Rb8 10. Re1 O-O 11. h3 Bxf3 12. Qxf3 Na5 13. Bc2 b4 14. Nd2 Re8 15.
Nf1 bxc3 16. bxc3 Nb3 17. Rb1 Nxc1 18. Rexc1 Nd7 19. Rxb8 Qxb8 20. Rb1 Qd8 21.
Bb3 Rf8 22. Ne3 Bxe3 23. Qxe3 Nc5 24. Bc2 Ne6 25. g3 Qd7 26. Rb4 Qc6 27. Qd2 h6
28. Bb3 Ng5 29. Kg2 Qd7 30. g4 c6 31. a5 d5 32. Qe3 Ne6 33. exd5 Nf4+ 34. Kh2
cxd5 35. d4 f6 36. dxe5 fxe5 37. Qxe5 Kh8 38. Rxf4 Re8 39. Qd4 Qc7 40. Kg2 Qxa5
41. Rf7 1-0

[Event "20.  Ciudad de Pamplona - Magistral"]
[Site "Pamplona ESP"]
[Date "2010.12.25"]
[Round "4.5"]
[White "Monell Camarasa, David"]
[Black "Tetimov, Ivan"]
[Result "1/2-1/2"]
[WhiteElo "2257"]
[BlackElo "1997"]
[PlyCount "24"]
[EventDate "2010.12.22"]
[EventType "tourn"]
[EventRounds "9"]
[EventCountry "ESP"]
[EventCategory "2"]
[Source "lmi"]
[SourceDate "2010.12.22"]

1. d4 Nf6 2. c4 e6 3. Nc3 Bb4 4. Qc2 O-O 5. a3 Bxc3+ 6. Qxc3 b6 7. Bg5 Bb7 8.
Nf3 d6 9. e3 Nbd7 10. Qc2 Qe8 11. Be2 Ne4 12. Bh4 f5 1/2-1/2

[Event "20.  Ciudad de Pamplona - Magistral"]
[Site "Pamplona ESP"]
[Date "2010.12.26"]
[Round "5.1"]
[White "Tetimov, Ivan"]
[Black "Vega Gutierrez, Sabrina"]
[Result "0-1"]
[WhiteElo "1997"]
[BlackElo "2342"]
[PlyCount "104"]
[EventDate "2010.12.22"]
[EventType "tourn"]
[EventRounds "9"]
[EventCountry "ESP"]
[EventCategory "2"]
[Source "lmi"]
[SourceDate "2010.12.22"]

1. d4 d6 2. Nf3 Nf6 3. c4 g6 4. Nc3 Bg7 5. g3 O-O 6. Bg2 Nc6 7. O-O a6 8. e4
Bg4 9. h3 Bxf3 10. Bxf3 e5 11. d5 Nd4 12. Be3 Nd7 13. Rb1 c5 14. dxc6 bxc6 15.
Bxd4 exd4 16. Ne2 Qb6 17. Bg2 Rfe8 18. Nf4 Nc5 19. Re1 Qb4 20. b3 a5 21. Nd3
Nxd3 22. Qxd3 a4 23. e5 Rxe5 24. Rxe5 dxe5 25. Bxc6 Rb8 26. Bd5 a3 27. Qf3 Qd2
28. Ra1 Qb2 29. Qd1 Bf8 30. Qc1 Kg7 31. Qxb2 axb2 32. Rb1 Ba3 33. Kf1 f5 34. f3
Re8 35. Ke2 e4 36. fxe4 fxe4 37. c5 d3+ 38. Kd2 Bb4+ 39. Ke3 Bxc5+ 40. Kd2 e3+
41. Kxd3 e2 42. Be4 Rxe4 43. Kxe4 Bb4 44. Kd3 e1=Q 45. Rxe1 Bxe1 46. Kc2 Bc3
47. a4 Kf6 48. a5 Bxa5 49. Kxb2 Ke5 50. Kc2 Ke4 51. g4 g5 52. Kd1 Ke5 0-1

[Event "20.  Ciudad de Pamplona - Magistral"]
[Site "Pamplona ESP"]
[Date "2010.12.26"]
[Round "5.3"]
[White "Lillo Castay, Victor"]
[Black "Alonso Garcia, Rene"]
[Result "1/2-1/2"]
[WhiteElo "2288"]
[BlackElo "2409"]
[PlyCount "64"]
[EventDate "2010.12.22"]
[EventType "tourn"]
[EventRounds "9"]
[EventCountry "ESP"]
[EventCategory "2"]
[Source "lmi"]
[SourceDate "2010.12.22"]

1. e4 e5 2. Nf3 Nc6 3. d4 exd4 4. Nxd4 Nf6 5. Nc3 Bb4 6. Nxc6 bxc6 7. Bd3 d5 8.
exd5 cxd5 9. O-O O-O 10. Bg5 c6 11. Qf3 Bd6 12. Ne2 h6 13. Bxf6 Qxf6 14. Qxf6
gxf6 15. Nd4 c5 16. Nf5 Bxf5 17. Bxf5 Rab8 18. b3 Rfe8 19. Rfe1 Re5 20. Bd3
Rbe8 21. Kf1 Kf8 22. g3 R8e7 23. f4 Rxe1+ 24. Rxe1 Rxe1+ 25. Kxe1 Ke7 26. Ke2
Ke6 27. Kf3 f5 28. Ba6 Bc7 29. Bc8+ Kf6 30. Bb7 Ke6 31. Bc8+ Kf6 32. Bb7 Ke6
1/2-1/2

[Event "20.  Ciudad de Pamplona - Magistral"]
[Site "Pamplona ESP"]
[Date "2010.12.26"]
[Round "5.4"]
[White "Lariño Nieto, David"]
[Black "Moreno Garcia, Daniel"]
[Result "1-0"]
[WhiteElo "2451"]
[BlackElo "2283"]
[PlyCount "57"]
[EventDate "2010.12.22"]
[EventType "tourn"]
[EventRounds "9"]
[EventCountry "ESP"]
[EventCategory "2"]
[Source "lmi"]
[SourceDate "2010.12.22"]

1. e4 e5 2. Nf3 Nf6 3. Nc3 Nc6 4. g3 g6 5. Bg2 Bg7 6. O-O O-O 7. d3 d6 8. Nh4
Bg4 9. f3 Be6 10. f4 exf4 11. Bxf4 d5 12. Qc1 dxe4 13. dxe4 Ng4 14. h3 Nge5 15.
Bh6 Qd4+ 16. Kh2 Rad8 17. Nf5 gxf5 18. exf5 Bc4 19. Qg5 Ng6 20. f6 Bxf1 21.
fxg7 Rfe8 22. Rxf1 Nce7 23. Ne4 Nd5 24. c4 f6 25. Qxd5+ Rxd5 26. Nxf6+ Qxf6 27.
Bxd5+ Qe6 28. Re1 Ne5 29. Rxe5 1-0

[Event "20.  Ciudad de Pamplona - Magistral"]
[Site "Pamplona ESP"]
[Date "2010.12.26"]
[Round "5.5"]
[White "Rios, Alejandro"]
[Black "Zamarbide Iñarrea, Daniel"]
[Result "1/2-1/2"]
[WhiteElo "2321"]
[BlackElo "2194"]
[PlyCount "90"]
[EventDate "2010.12.22"]
[EventType "tourn"]
[EventRounds "9"]
[EventCountry "ESP"]
[EventCategory "2"]
[Source "lmi"]
[SourceDate "2010.12.22"]

1. e4 c5 2. Nf3 Nc6 3. d4 cxd4 4. Nxd4 Nf6 5. Nc3 d6 6. Be2 g6 7. O-O Bg7 8.
Be3 O-O 9. Qd2 d5 10. Nxc6 bxc6 11. Rad1 Be6 12. exd5 Bxd5 13. Bh6 Qc7 14. Bxg7
Kxg7 15. Na4 c5 16. c4 Bb7 17. f3 Qe5 18. Rfe1 Rfd8 19. Qc3 Qg5 20. Qc1 Qe5 21.
Bd3 Qc7 22. Qe3 Rac8 23. Bc2 Rd4 24. b3 Qa5 25. Qc3 Qxc3 26. Nxc3 Rxd1 27. Rxd1
Kf8 28. Kf2 a6 29. Ke3 e6 30. Be4 Bxe4 31. fxe4 Ke7 32. Na4 Nd7 33. Rxd7+ Kxd7
34. Nb6+ Kc7 35. Nxc8 Kxc8 36. e5 Kd7 37. Kf4 h6 38. h4 Kc6 39. g4 Kb6 40. g5
h5 41. Ke3 a5 42. a3 a4 43. Kd3 axb3 44. Kc3 Ka6 45. Kxb3 Kb6 1/2-1/2

[Event "20.  Ciudad de Pamplona - Magistral"]
[Site "Pamplona ESP"]
[Date "2010.12.27"]
[Round "6.1"]
[White "Vega Gutierrez, Sabrina"]
[Black "Zamarbide Iñarrea, Daniel"]
[Result "0-1"]
[WhiteElo "2342"]
[BlackElo "2194"]
[PlyCount "69"]
[EventDate "2010.12.22"]
[EventType "tourn"]
[EventRounds "9"]
[EventCountry "ESP"]
[EventCategory "2"]
[Source "lmi"]
[SourceDate "2010.12.22"]

1. e4 e5 2. Nf3 d6 3. d4 exd4 4. Nxd4 Nf6 5. Nc3 Be7 6. g3 O-O 7. Bg2 Bd7 8.
O-O Nc6 9. Nde2 Re8 10. h3 Bf8 11. g4 Be6 12. b3 Nd7 13. f4 f6 14. Bb2 Bf7 15.
Qd2 g6 16. Nd5 Bg7 17. Rae1 Ne7 18. c4 Nxd5 19. exd5 f5 20. Bxg7 Kxg7 21. g5 h5
22. Nd4 Nf8 23. Qb4 Rb8 24. Rxe8 Qxe8 25. Re1 Qd7 26. Kf2 Qd8 27. c5 Kg8 28.
cxd6 cxd6 29. Rc1 a5 30. Qb5 Rc8 31. Rxc8 Qxc8 32. Qxa5 Nd7 33. Ne2 Nc5 34. Qc3
Qd7 35. Qf6 0-1

[Event "20.  Ciudad de Pamplona - Magistral"]
[Site "Pamplona ESP"]
[Date "2010.12.27"]
[Round "6.3"]
[White "Alonso Garcia, Rene"]
[Black "Lariño Nieto, David"]
[Result "0-1"]
[WhiteElo "2409"]
[BlackElo "2451"]
[PlyCount "95"]
[EventDate "2010.12.22"]
[EventType "tourn"]
[EventRounds "9"]
[EventCountry "ESP"]
[EventCategory "2"]
[Source "lmi"]
[SourceDate "2010.12.22"]

1. e4 e6 2. d4 d5 3. Nd2 Nf6 4. Bd3 c5 5. e5 Nfd7 6. c3 Nc6 7. Ne2 cxd4 8. cxd4
f6 9. exf6 Nxf6 10. O-O Bd6 11. f4 Qb6 12. Nf3 O-O 13. Kh1 Bd7 14. a3 a5 15.
Nc3 Rae8 16. Ne5 Re7 17. Be3 Be8 18. Qd2 Bh5 19. h3 Nd7 20. Na4 Qa7 21. Nxc6
bxc6 22. Qc2 Qc7 23. Bxh7+ Kh8 24. Bd3 Bxf4 25. Bxf4 Rxf4 26. Rxf4 Qxf4 27.
Qxc6 Qxd4 28. Bb5 Nf6 29. Nc3 e5 30. Rf1 e4 31. Rf5 Bg6 32. Rg5 Bf7 33. Qd6 Qa7
34. Bc6 Qc7 35. Qxc7 Rxc7 36. Ba8 Rc8 37. Bb7 Rb8 38. Bc6 Rxb2 39. Re5 Rc2 40.
Bxd5 Nxd5 41. Nxe4 Kg8 42. Ng5 Rd2 43. Ne4 Rd1+ 44. Kh2 a4 45. Nc5 Rd4 46. Ne4
Nf6 47. Ng5 Rd5 48. Re6 0-1